00802nam a2200241 u 450000100070000000500170000700800410002403500110006503500210007604000130009704100080011008200080011824500250012626000370015130000180018865000320020665000500023865000310028865000410031994200090036099900190036995201720038856087020260506083232.0991030s1958 spa  a560870 a(OCoLC)777763501 ccomduadb aspa 4a98610aMonografia de Itagui aMedellín :bHemisferio,c1958. a137 páginas aItagüi (Antioquia)917556 aEmpresas industriales - America Latina964157 aPersonajes ilustres924187 aCondiciones socioeconómicas921361 cBOOK c132815d132815 001040708ANTIOQUIAaBCbBCd1999-10-30eMaterial adquirido por donacióniC612456l0o986.1266 M751 e1p6-10000003161366r2023-04-22 00:00:00t1w2023-04-22yBOOKI